000 00467nam a2200169Ia 4500
008 090711s9999 xx 000 0 und d
082 _b33687
100 _aगांगल वसंत
245 _aअनिकेतSा मी
260 _c1976
300 _a132
600 _aगांगल वसंत
630 _aअनिकेतSा मी
700 _aगांगल वसंत
730 _aअनिकेतSा मी
942 _cBOOK
999 _c309050
_d309050